The Muslim Question in Europe (Record no. 66574)
[ view plain ]
| 000 -LEADER | |
|---|---|
| fixed length control field | 01572nam a2200229Ii 4500 |
| 008 - FIXED-LENGTH DATA ELEMENTS--GENERAL INFORMATION | |
| fixed length control field | 221202s xx 000 0 und d |
| 100 1# - MAIN ENTRY--PERSONAL NAME | |
| Personal name | O'Brien, Peter, |
| Relator term | author |
| 245 #4 - TITLE STATEMENT | |
| Title | The Muslim Question in Europe |
| 264 ## - PRODUCTION, PUBLICATION, DISTRIBUTION, MANUFACTURE, AND COPYRIGHT NOTICE | |
| Name of producer, publisher, distributor, manufacturer | Temple University Press |
| Date of production, publication, distribution, manufacture, or copyright notice | 2016 |
| 300 ## - PHYSICAL DESCRIPTION | |
| Extent | 1 online resource |
| 336 ## - CONTENT TYPE | |
| Content type term | text |
| Content type code | txt |
| Source | rdacontent |
| 337 ## - MEDIA TYPE | |
| Media type term | computer |
| Media type code | c |
| Source | rdamedia |
| 338 ## - CARRIER TYPE | |
| Carrier type term | online resource |
| Carrier type code | cr |
| Source | rdacarrier |
| 520 ## - SUMMARY, ETC. | |
| Summary, etc. | The book challenges the popular notion of a clash of cultures pitting Muslim and non-Muslim Europeans against one another. The study finds instead vehement conflict among three longstanding European public philosophies: liberalism, nationalism, and postmodernism. The consequential differences of outlook are demonstrated in four policy areas: 1) citizenship requirements, 2) the headscarf debate, 3) mosque-state relations and 4) counter-terrorism. The book reaches three important conclusions. First, Muslim Europeans do not represent a monolithic anti-Western bloc -- a Trojan Horse -- within Europe. They vehemently disagree among themselves but along the same basic liberal, nationalist, and postmodern contours as non-Muslim Europeans. Second, ideological discord significantly contributes to policy “messiness,” that is, to inconsistent, contradictory policies. |
| 653 ## - INDEX TERM--UNCONTROLLED | |
| Uncontrolled term | Europe |
| 653 ## - INDEX TERM--UNCONTROLLED | |
| Uncontrolled term | Islam |
| 653 ## - INDEX TERM--UNCONTROLLED | |
| Uncontrolled term | Islamism |
| 653 ## - INDEX TERM--UNCONTROLLED | |
| Uncontrolled term | Liberalism |
| 653 ## - INDEX TERM--UNCONTROLLED | |
| Uncontrolled term | Political Science |
| 856 ## - ELECTRONIC LOCATION AND ACCESS | |
| Uniform Resource Identifier | <a href="https://library.oapen.org/bitstream/20.500.12657/30060/1/650040.pdfhttp://library.oapen.org/handle/20.500.12657/30060">https://library.oapen.org/bitstream/20.500.12657/30060/1/650040.pdfhttp://library.oapen.org/handle/20.500.12657/30060</a> |
| 942 ## - ADDED ENTRY ELEMENTS (KOHA) | |
| Koha item type | E-Book |
| Withdrawn status | Damaged status | Not for loan | Home library | Current library | Date acquired | Total Checkouts | Date last seen | Price effective from | Koha item type |
|---|---|---|---|---|---|---|---|---|---|
| Directory of Open Access Books | Directory of Open Access Books | 11/28/2022 | 11/28/2022 | 11/28/2022 | E-Book |